Microwave and RF product applications

Bewaard in:
Bibliografische gegevens
Formaat: Boek
Taal:Undetermined
Gepubliceerd in: Boca Raton, FL CRC Press 2003
Onderwerpen:
Tags: Voeg label toe
Geen labels, Wees de eerste die dit record labelt!
Thư viện lưu trữ: Trung tâm Học liệu Trường Đại học Cần Thơ
LEADER 00483nam a2200169Ia 4500
001 CTU_58145
008 210402s9999 xx 000 0 und d
082 |a 621.384 
082 |b M626 
245 0 |a Microwave and RF product applications 
245 0 |c Edited by Mike Golio 
260 |a Boca Raton, FL 
260 |b CRC Press 
260 |c 2003 
650 |a microwave communication systems,radio frequency 
904 |i Minh 
980 |a Trung tâm Học liệu Trường Đại học Cần Thơ